000 00789cam a22002291 4500
001 af 48000058
003 DLC
005 20260227110841.0
008 780131s1945 ge b 000 0 ger c
010 _aaf 48000058
040 _aHarvard Univ. Library
_cDLC
_dDLC
050 0 0 _aPN1664
_b.P36
082 0 0 _a808.2
100 1 _aPetsch, Robert,
_d1875-1945.
245 1 0 _aWesen und Formen des Dramas;
_ballgemeine Dramaturgie.
260 _aHalle (Saale)
_bM. Niemeyer,
_c1945.
300 _axv, 478 p.
_c25 cm.
440 0 _aDeutsche Vierteljahrsschrift für Literaturwissenschaft und Geistesgeschichte. Buchreihe,
_v29 Bd.
504 _a"Verzeichnis der ... benutzten und angeführten Schriften des Verfassers": p. [465]-466.
504 _aBibliographical footnotes.
650 0 _aDrama.
999 _c3911
_d3911